|
|
|
|
| LEADER |
00000nas a2200000 a 4500 |
| 001 |
ssj0006770 |
| 003 |
WaSeSS |
| 005 |
20200512172242.0 |
| 006 |
m d |
| 007 |
cr n |
| 008 |
980423c19819999mdubr pss 0 0eng c |
| 010 |
|
|
|a 2004233554
|
| 016 |
7 |
|
|a 2043873-4
|2 DE-600
|
| 022 |
|
|
|a 1544-5208
|l 0278-2715
|y 0278-2715
|
| 035 |
|
|
|a (WaSeSS)ssj0006770
|
| 037 |
|
|
|b Project HOPE, 7500 Old Georgetown Road, Suite 600, Bethesda, MD
|
| 040 |
|
|
|a FGA
|b eng
|c FGA
|d OCL
|d OCLCQ
|d MXC
|d OCLCQ
|d GUA
|d OCLCQ
|d HEBIS
|d OCLCQ
|d OCLCO
|d OCLCQ
|d OCLCF
|d OCLCO
|d EUW
|d OCLCO
|d OCLCQ
|d OCLCO
|d OCLCQ
|d TSC
|d WT2
|d OCLCQ
|d BUF
|d OCLCQ
|d CEF
|d AU@
|d OCLCO
|d WYU
|d AUD
|d U3W
|d VT2
|d OCLCO
|d OCLCQ
|d OCLCO
|d OCLCA
|d WaSeSS
|
| 042 |
|
|
|a pcc
|
| 050 |
1 |
4 |
|a RA410.A1
|
| 060 |
0 |
0 |
|a W1
|b HE209
|
| 082 |
0 |
4 |
|a 338.473621
|
| 130 |
0 |
|
|a Health affairs (Project Hope : Online)
|
| 245 |
1 |
0 |
|a Health affairs
|h [electronic resource].
|
| 260 |
|
|
|a Bethesda, MD :
|b Project Hope
|
| 310 |
|
|
|a Bimonthly,
|b 1997-
|
| 321 |
|
|
|a Quarterly,
|b <1989>-1996
|
| 362 |
1 |
|
|a Print began with vol. 1, no. 1 (winter 1981).
|
| 500 |
|
|
|a Some issues have also distinctive theme titles.
|
| 506 |
|
|
|a License restrictions may limit access.
|
| 538 |
|
|
|a Mode of access: World Wide Web.
|
| 588 |
0 |
|
|a Vol. 8, no. 1 (spring 1989); title from contents screen (publisher's Web site, viewed Apr. 13, 2004).
|
| 588 |
1 |
|
|a Vol. 23, no. 2 (Mar./Apr. 2004), viewed Apr. 13, 2004.
|
| 650 |
|
0 |
|a Medical economics
|v Periodicals.
|
| 650 |
|
0 |
|a Medical policy
|v Periodicals.
|
| 650 |
|
2 |
|a Health Policy.
|
| 650 |
|
2 |
|a Public Health.
|
| 650 |
|
2 |
|a Delivery of Health Care.
|
| 650 |
|
7 |
|a Medical economics.
|2 fast
|0 (OCoLC)fst01014004
|
| 650 |
|
7 |
|a Medical policy.
|2 fast
|0 (OCoLC)fst01014505
|
| 655 |
|
0 |
|a Electronic journals.
|
| 710 |
2 |
|
|a Project Hope.
|
| 776 |
0 |
8 |
|i Print version:
|t Health affairs (Project Hope)
|x 0278-2715
|w (DLC) 82643664
|w (OCoLC)7760874
|
| 856 |
4 |
0 |
|z Full text available from Research Library: 01/01/1981 to 1 year ago
|u https://search.proquest.com/publication/36027
|